000
00202nam a22000857a 4500
001
1235758
005
20250930162542.0
245
_a
İKİ GÖZÜM ÜZÜMÜM
_c
NECDET NEYDİM
260
_b
GÜNIŞIĞI YAYINLARI
999
_c
1235758
_d
1235758